000 00760nam a22002651 4500
999 _c1347
_d1347
001 010683071
003 UkOxU
005 20210625101838.0
008 921109s1987 enka 000 0 eng d
015 _aGB 86-19881
020 _a0713174900
035 _aCURL Interim file ISBN03 record 112956
040 _cALUPE UNIVERSITY
_dALUPE UNIVERSITY
050 0 _aQP84
_b.W56 1987
082 _a612.6
_219
092 _aD0500790358
100 1 _aWindmill, Veronica.
245 1 0 _aHuman growth and development /
_cVeronica Windmill
260 _aLondon :
_bEdward Arnold,
_c1987
300 _a170 p :
_bill ;
_c25 cm
504 _aIncludes index
650 0 _aHuman growth.
942 _2lcc
_cBK
_nDO